|
|
|
|
| LEADER |
02371nam a2200613 i 4500 |
| 001 |
nkc20223408104 |
| 003 |
CZ PrNK |
| 005 |
20250311090415.0 |
| 007 |
ta |
| 008 |
220331s2022 xr abche f 001 0 ger |
| 015 |
|
|
|a cnb003408104
|
| 020 |
|
|
|a 978-80-87520-73-4
|q (brožováno)
|
| 035 |
|
|
|a (OCoLC)1329407397
|
| 040 |
|
|
|a BOA001
|b cze
|e rda
|
| 041 |
1 |
|
|a ger
|h cze
|
| 043 |
|
|
|a e-xr---
|b e-xr-jc
|2 czenas
|
| 072 |
|
7 |
|a 069
|x Muzea. Muzeologie. Muzejnictví. Výstavy
|2 Konspekt
|9 12
|
| 080 |
|
|
|a 069
|2 MRF
|
| 080 |
|
|
|a 069.5
|2 MRF
|
| 080 |
|
|
|a (437.319)
|2 MRF
|
| 080 |
|
|
|a (036)
|2 MRF
|
| 080 |
|
|
|a (084.11)
|2 MRF
|
| 100 |
1 |
|
|a Fencl, Pavel,
|d 1949-
|7 mzk2003213671
|4 aut
|
| 245 |
1 |
4 |
|a Die Museen in der Region - die Region in den Museen :
|b ein Mosaik von Geschichte und Geschichten /
|c Pavel Fencl und Helena Stejskalová ; Übersetzung: Martin Junge
|
| 246 |
3 |
|
|a Region in den Museen - die Museen in der Region
|
| 264 |
|
1 |
|a České Budějovice :
|b Region Südböhmen,
|c [2022]
|
| 300 |
|
|
|a 199 stran :
|b ilustrace (převážně barevné), mapy, portréty, faksimile ;
|c 23 cm
|
| 336 |
|
|
|a text
|b txt
|2 rdacontent
|
| 336 |
|
|
|a statický obraz
|b sti
|2 rdacontent
|
| 337 |
|
|
|a bez média
|b n
|2 rdamedia
|
| 338 |
|
|
|a svazek
|b nc
|2 rdacarrier
|
| 500 |
|
|
|a Přeloženo z češtiny
|
| 500 |
|
|
|a Obsahuje rejstřík
|
| 500 |
|
|
|a 500 výtisků
|
| 650 |
0 |
7 |
|a muzea
|7 ph115380
|z Česko
|2 czenas
|
| 650 |
0 |
7 |
|a muzejní sbírky
|7 ph137908
|z Česko
|2 czenas
|
| 650 |
0 |
7 |
|a stálé expozice
|7 ph854721
|z Česko
|2 czenas
|
| 650 |
0 |
9 |
|a museums
|z Czechia
|2 eczenas
|
| 650 |
0 |
9 |
|a museum collections
|z Czechia
|2 eczenas
|
| 650 |
0 |
9 |
|a permanent exhibitions
|z Czechia
|2 eczenas
|
| 651 |
|
7 |
|a Jihočeský kraj (Česko : 2000-)
|7 ge135832
|2 czenas
|
| 651 |
|
9 |
|a Jihočeský kraj (Czechia : 2000-)
|2 eczenas
|
| 655 |
|
7 |
|a informační publikace
|7 fd132454
|2 czenas
|
| 655 |
|
7 |
|a obrazové publikace
|7 fd132947
|2 czenas
|
| 655 |
|
9 |
|a information publications
|2 eczenas
|
| 655 |
|
9 |
|a pictorial works
|2 eczenas
|
| 700 |
1 |
|
|a Chrastinová, Helena,
|d 1974-
|7 jx20080911037
|4 aut
|4 pht
|
| 700 |
1 |
|
|a Junge, Martin
|7 jo20201076218
|4 trl
|
| 910 |
2 |
|
|a BOA001
|b 2-1483.924
|
| 928 |
9 |
|
|a Jihočeský kraj, krajský úřad
|
| 990 |
|
|
|a BK
|
| 995 |
|
|
|a 01
|
| 991 |
|
|
|b 202205
|c NOV
|
| 996 |
6 |
|
|b 2610900106
|c 2-1483.924
|l MZK
|r Sklad / do 1 hodiny
|n 0
|p p.v.
|w 001883775
|u 000010
|a 1
|e BOA001
|j MZK50
|s P
|